| 000 | 01180nam a22002897a 4500 | ||
|---|---|---|---|
| 005 | 20100415104811.0 | ||
| 008 | 100415t xxu||||| |||| 00| 0 eng d | ||
| 010 | _aENG-96039 | ||
| 020 |
_a9780070683617 _c325.00 |
||
| 020 |
_a0070683611 _c325.00 |
||
| 035 | _aEN-79572 | ||
| 037 | _bDBAD/PUB | ||
| 040 | _aDPL | ||
| 082 |
_a658.452 _222 |
||
| 100 | _aGallo, Carmine. | ||
| 245 |
_aThe presentation secrets of Steve Jobs : _bhow to be insanely great in front of any audience / _cCarmine Gallo. |
||
| 260 |
_aNew Delhi _bTata McGraw-Hill Education _c2010. |
||
| 270 |
_a7, West Patel Nagar _bNew Delhi _e110008 |
||
| 300 |
_axvii, 238 p. : _bill. ; _c22 cm.(pbk) |
||
| 500 | _aIncludes bibliographical references and index. | ||
| 600 |
_aJobs, Steven, _d1955- |
||
| 650 | _aBusiness presentations. | ||
| 650 | _aBusiness communication. | ||
| 942 |
_2ddc _cEN _h658.452 _mGAL |
||
| 999 |
_c35268 _d35268 |
||